Managerial Accounting: a Planning-Operating-Control Framework, (Record no. 5645)

MARC details
005 - DATE AND TIME OF LATEST TRANSACTION
control field 20250627130718.0
020 ## - INTERNATIONAL STANDARD BOOK NUMBER
International Standard Book Number 0-471-60754-1
082 ## - DEWEY DECIMAL CLASSIFICATION NUMBER
Classification number 658.15 LER
100 ## - MAIN ENTRY--PERSONAL NAME
Author name LERE, J.C.
245 ## - TITLE STATEMENT
Title Managerial Accounting: a Planning-Operating-Control Framework,
260 ## - PUBLICATION, DISTRIBUTION, ETC.
Place of publication, distribution, etc. New York,
Name of publisher, distributor, etc. John Wiley & Sons,
Date of publication, distribution, etc. 1991.
300 ## - PHYSICAL DESCRIPTION
Extent xxvii,; 1120p: ill,
Other physical details Index,
Dimensions 26cm.
942 ## - ADDED ENTRY ELEMENTS (KOHA)
Source of classification or shelving scheme Dewey Decimal Classification
Koha item type Books
Holdings
Date last seen Total checkouts Full call number Barcode Cost, replacement price Price effective from Koha item type Lost status Source of classification or shelving scheme Damaged status Not for loan Withdrawn status Home library Current library Shelving location Date acquired Cost, normal purchase price
06/27/2025   658.15 LER DOM000196 150000.00 06/27/2025 Books   Dewey Decimal Classification       CBE Dodoma CBE Dodoma General Collection 06/27/2004 50000.00
06/27/2025   658.15 LER DOM000532 150000.00 06/27/2025 Books   Dewey Decimal Classification       CBE Dodoma CBE Dodoma General Collection 06/27/2004 50000.00